Realitní fondy v USA, přístav klidu a stálých výnosů
Realitné fondy sú vytvárané v USA na základe zákona z r. 1960, ktorý umožnil drobným investorom zlúčiť svoje prostriedky, investovaním do nehnuteľností a poberať z nich výnosy. Meranie výnosu v realitných fondoch. Historické výnosy a riziká. Trhová kapitalizácia realitných fondov. Investovanie do...
Salvato in:
| Autore principale: | |
|---|---|
| Natura: | Capitolo di libro |
| Lingua: | ceco |
| Soggetti: | |
| Tags: |
Nessun Tag, puoi essere il primo ad aggiungerne!!
|
MARC
| LEADER | 00000naa$a2200000$$$4500 | ||
|---|---|---|---|
| 001 | 0008080 | ||
| 005 | 20231010083057.6 | ||
| 041 | 0 | |a cze | |
| 044 | |a CZ | ||
| 245 | 1 | 0 | |a Realitní fondy v USA, přístav klidu a stálých výnosů |c aut. Vladimír Baláž |
| 520 | |a Realitné fondy sú vytvárané v USA na základe zákona z r. 1960, ktorý umožnil drobným investorom zlúčiť svoje prostriedky, investovaním do nehnuteľností a poberať z nich výnosy. Meranie výnosu v realitných fondoch. Historické výnosy a riziká. Trhová kapitalizácia realitných fondov. Investovanie do realitných fondov. | ||
| 610 | 2 | 0 | |a fondy investičné |
| 610 | 2 | 0 | |a nehnuteľnosti |
| 610 | 2 | 0 | |a investovanie |
| 610 | 2 | 0 | |a výnosy |
| 610 | 2 | 0 | |a USA |
| 610 | 2 | 0 | |a trh kapitálový |
| 100 | 1 | |a Baláž, Vladimír | |